Talon's Geography Quiz #5 - Island Edition - Statistics

General Stats
  • This quiz has been taken 23 times
  • The average score is 7 of 15
Answer Stats
Question Answer % Correct
Madagascar is the 4th largest island in the world. Name the nearest island country to it Comoros
96%
The Spanish island chain that is also the name of a bird Canary Islands
78%
Largest island country in the Lesser Antilles Trinidad & Tobago
78%
Phosphate made this country once become the richest in the world Nauru
74%
Going north from this spot, what country do you reach, a country known for believing in elves Iceland
70%
The island this country shares with another Ireland
57%
The above's nearest island chain/island Greenland
52%
Smallest sovereign state that's an archipelago Tuvalu
52%
A computer programming system, also the home of the capital of the country bordering the above Java
48%
The island country that shares the island it's on with the most populous island country East Timor
43%
The island country this belongs to United Kingdom
39%
The islands with over 300 times more sheep than humans Falkland Islands
26%
Name the largest island of Fiji Viti Levu
13%
Islands that are 2 miles, 23 hours, 1 country, and 1 continent apart Diomede Islands
9%
The second largest island? Vanua Levu
4%
No matching quizzes found
Score Distribution
Percent of People with Each Score
Percentile by Number Answered
Your Score History
You have not taken this quiz